Flaggen mit Sternen - Statistiken

Allgemein
  • Dieses Quiz wurde 167 mal gespielt
  • Das Durchschnittsergebnis liegt bei 58 aus 70
Antwortstatistiken
Bildquiz Antwort % Korrekt
Kroatien
100%
Australien
99%
Neuseeland
98%
Bosnien
96%
China
96%
Kosovo
96%
Türkei
96%
Israel
95%
Brasilien
94%
Vereinigte Staaten von Amerika
94%
Vietnam
94%
Nepal
92%
Slowenien
92%
Tunesien
92%
Chile
91%
Marokko
91%
Syrien
91%
Moldawien
90%
Nordkorea
90%
Pakistan
90%
Algerien
89%
Aserbaidschan
89%
Panama
89%
Singapur
87%
Venezuela
87%
Philippinen
86%
Turkmenistan
86%
Usbekistan
86%
Honduras
85%
Kuba
85%
Malaysia
85%
Angola
84%
Ghana
84%
Somalia
84%
Papua-Neuguinea
83%
Paraguay
83%
Äthiopien
81%
Demokratische Republik Kongo
79%
Libyen
79%
Marshallinseln
79%
Mikronesien
79%
Myanmar
79%
Senegal
79%
Tadschikistan
79%
Samoa
78%
Tuvalu
78%
Jordanien
77%
Liberia
77%
Mosambik
76%
Zentralafrikanische Republik
75%
Kamerun
74%
Simbabwe
74%
Burkina Faso
73%
Burundi
73%
Dominica
73%
Mauretanien
73%
Suriname
73%
Togo
73%
Osttimor
72%
Salomonen
72%
Grenada
71%
Kap Verde
71%
Nauru
71%
Äquatorialguinea
70%
Komoren
69%
Südsudan
69%
Dschibuti
67%
Guinea-Bissau
67%
São Tomé und Príncipe
65%
St. Kitts und Nevis
64%
Keine übereinstimmenden Quizze gefunden
Verteilung der Resultate
Anzahl Personen mit jedem Resultat
Perzentil nach korrekt beantworteten Fragen
Ihre Resultats-Entwicklung
Sie haben dieses Quiz noch nicht gespielt